[Event "New Delhi Parsvnath op 15th"]
[Site "New Delhi"]
[Date "2017.01.09"]
[Round "1"]
[White "Indranil, Das"]
[Black "Ghosh, Diptayan"]
[Result "0-1"]
[WhiteElo "2060"]
[BlackElo "2570"]
[PlyCount "78"]
[EventDate "2017.01.09"]
[EventType "swiss"]
[EventRounds "10"]
[EventCountry "IND"]
[SourceTitle "CBM 176 Extra"]
[Source "ChessBase"]
[SourceDate "2017.03.02"]
[SourceVersion "1"]
[SourceVersionDate "2017.03.02"]
[SourceQuality "1"]

1. e4 e5 2. Nf3 Nc6 3. Bb5 a6 4. Bxc6 dxc6 5. 0-0 f6 6. d4 exd4 7. Qxd4 Qxd4 8. Nxd4 Bd7 9. Nc3 0-0-0 10. Bf4 Ne7 11. Rad1 Ng6 12. Bg3 Bb4 13. f3 Bxc3 14. bxc3 c5 15. Nb3 b6 16. Rfe1 f5 17. exf5 Bxf5 18. Rxd8+ Rxd8 19. Rc1 a5 20. Be1 Nf4 21. Kf2 a4 22. Nd2 Re8 23. Ne4 Bxe4 24. fxe4 Rxe4 25. Kf3 Rc4 26. Rd1 Ng6 27. Ke3 Rf4 28. Bg3 Rf7 29. Rd5 Ne7 30. Rh5 Nf5+ 31. Kd3 g6 32. Rh3 Rd7+ 33. Ke2 Kb7 34. Bf2 Kc6 35. g4 Nd6 36. Rf3 Kb5 37. Be1 Nc4 38. Rd3 Re7+ 39. Kf1 Ne3+ 0-1

[Event "IND-ch Challengers 54th"]
[Site "Noida"]
[Date "2016.07.10"]
[Round "2"]
[White "Indranil, Das"]
[Black "Nitin, Senthilvel"]
[Result "0-1"]
[WhiteElo "2105"]
[BlackElo "2398"]
[PlyCount "66"]
[EventDate "2016.07.09"]
[EventType "swiss"]
[EventRounds "13"]
[EventCountry "IND"]
[SourceTitle "CBM 173 Extra"]
[Source "ChessBase"]
[SourceDate "2016.08.29"]
[SourceVersion "1"]
[SourceVersionDate "2016.08.29"]
[SourceQuality "1"]

1. e4 c5 2. d4 cxd4 3. c3 d3 4. Bxd3 d6 5. Nf3 Nd7 6. 0-0 Ngf6 7. Qe2 Qc7 8. Bf4 Nh5 9. Be3 g6 10. Na3 Bg7 11. Nc2 0-0 12. Nb4 e6 13. Nd4 Nc5 14. Nb5 Qe7 15. Rad1 a6 16. Nd4 b5 17. f3 Bb7 18. Nb3 Qc7 19. g4 Nxb3 20. axb3 Nf6 21. Bd4 e5 22. Be3 a5 23. g5 Nxe4 24. Bxe4 axb4 25. Bxb7 Qxb7 26. Rxd6 Qc7 27. Rb6 Ra2 28. cxb4 e4 29. f4 Rxb2 30. Qxb5 Qc2 31. Rf2 Qd1+ 32. Qf1 Qxb3 33. Rxb2 Qxe3+ 0-1